000
00303nam a2200145Ia 4500
100
_a
Spiegel/M.R
942
_c
BK
654
_a
mechanics
245
_a
Theoretical mechanics
260
_b
McGraw Hill
_a
Singapore
_c
1983
082
_a
531.01
_b
SPI
300
_a
368
546
_a
ENGLISH
999
_c
26075
_d
26075